[Event "SWE-chT 9596"]
[Site "?"]
[Date "1996.??.??"]
[Round "?"]
[White "Ingbrandt, Johan"]
[Black "Winsnes, Rikard"]
[Result "1/2-1/2"]
[WhiteElo "2345"]
[BlackElo "2385"]

1.d4 Nf6 2.Bg5 Ne4 3.Bf4 c5 4.f3 Qa5+ 5.c3 Nf6 6.Nd2 cxd4 7.Nb3 Qf5 8.Bxb8 Rxb8
9.Qxd4 Ra8 10.e4 Qe6 11.Bc4 Qb6 12.e5 Nh5 13.Ne2 Qxd4 14.Nbxd4 g6 15.g4 Ng7
16.O-O-O a6 17.Nf4 e6 18.Nb3 Be7 19.Ne2 f6 20.exf6  1/2-1/2

[Event "SWE-chT 9596"]
[Site "?"]
[Date "1996.??.??"]
[Round "?"]
[White "Aaberg, Anton"]
[Black "Von Bahr, Oskar"]
[Result "0-1"]
[WhiteElo "2310"]
[BlackElo "2180"]

1.d4 Nf6 2.Bg5 Ne4 3.Bh4 c5 4.f3 g5 5.fxe4 gxh4 6.e3 Qb6 7.Nc3 Qxb2 8.Nd5 Bh6
9.Rb1 Qa3 10.Rb3 Qa5+ 11.Kf2 Nc6 12.Rb5 Qd8 13.Rxc5 b6 14.Rb5 Ba6 15.Rb3 Bxf1
16.Qxf1 e6 17.Nc3 Na5 18.Rb5 Rc8 19.Qd3 Rg8 20.Nd1 a6 21.Rxa5 bxa5 22.Nf3 Qc7
23.c3 Qc4 24.Qc2 h3 25.g3 Rc7 26.Rf1 Rg7 27.Ne5 Qb5 28.a4 Qb7 29.Ke2 Bg5
30.Nf2 d6 31.Nf3 Qc6 32.Kd2 Qc4 33.Rb1 Be7 34.Nxh3 h5 35.Nf4 h4 36.Ne2 hxg3
37.hxg3 Rh7  0-1

[Event "Tel Aviv Cup rapid"]
[Site "Tel Aviv"]
[Date "1996.??.??"]
[Round "1"]
[White "Duchovny, Eduard"]
[Black "Zoler, Dan"]
[Result "0-1"]
[WhiteElo "2365"]
[BlackElo "2455"]

1.d4 Nf6 2.Bg5 Ne4 3.Bf4 c5 4.dxc5 Nxc5 5.Nc3 Nc6 6.e4 g6 7.Be3 b6 8.Bc4 Bg7
9.Nge2 O-O 10.O-O Bb7 11.Nd4 Rc8 12.Bd5 d6 13.b4 Nxb4 14.Bxb7 Nxb7 15.Ncb5 a6
16.Na7 Rc4 17.c3 Qa8 18.cxb4 Qxa7 19.Rc1 Rfc8 20.Qg4 Rxc1 21.Bxc1 Qb8 22.Nf5 gxf5
23.exf5 Kh8 24.Qh5 Qc7 25.Be3 Nd8 26.g4 Qc4 27.Rc1 Qxc1+ 28.Bxc1 Rxc1+ 29.Kg2 Rc2
30.Qg5 Nc6 31.Qf4 Bd4 32.Qe4 Rc3 33.a4 b5 34.axb5 axb5 35.Qd5 Kg7 36.g5 Rc1  0-1

[Event "GRE-chT"]
[Site "Thessaloniki"]
[Date "1996.??.??"]
[Round "1"]
[White "Kosic, Dragan"]
[Black "Shipov, Sergei"]
[Result "1/2-1/2"]
[WhiteElo "2530"]
[BlackElo "2535"]

1.d4 Nf6 2.Bg5 Ne4 3.h4 c5 4.dxc5 Na6 5.Qd4 Naxc5 6.Nc3 Nxc3 7.Qxc5 Ne4 8.Qd5 Nxg5
9.hxg5 Qb6 10.O-O-O Qxf2 11.Qe4 e6 12.Nf3 Bc5 13.Rd3 d6 14.g4 e5 15.g6 Be6
16.Rh2 Qg3 17.Rxh7 O-O-O 18.b4 d5 19.Qxe5 Qxe5 20.Nxe5 Rxh7 21.gxh7 Bd6 22.Nc4 Bxb4
23.Ne3 Rh8 24.Nxd5 Bxd5  1/2-1/2

[Event "Tilburg Fontys"]
[Site "Tilburg"]
[Date "1996.??.??"]
[Round "1"]
[White "Adams, Michael"]
[Black "Van Wely, Loek"]
[Result "1/2-1/2"]
[WhiteElo "2685"]
[BlackElo "2605"]

1.d4 Nf6 2.Bg5 Ne4 3.Bf4 d5 4.e3 Bf5 5.f3 Nf6 6.c4 c5 7.cxd5 Nxd5 8.Bxb8 Nxe3
9.Bb5+ Bd7 10.Bxd7+ Qxd7 11.Qe2 Nxg2+ 12.Qxg2 Rxb8 13.dxc5 g6 14.Nc3 Bg7
15.Nge2 Qc6 16.Qg5 Qxf3 17.Rf1 Qh3 18.Rf2 O-O 19.Rd1 Qe6 20.Nd5 Bxb2 21.Qxe7 Qxe7
22.Nxe7+ Kg7 23.c6 Rbe8 24.Rd7 Ba3 25.Nxg6 hxg6 26.cxb7 Rd8 27.Rxd8 Rxd8
28.Rf3 Bb4+ 29.Kf1 Rd1+ 30.Kg2 Bd6 31.Rb3 Bb8 32.a4 Kf6 33.a5 Ra1 34.Rb5 Ke7
35.Rc5 Bd6 36.Rc6 Rb1 37.a6 Rb2 38.Kf3 Rb3+ 39.Kg2 Rb2 40.Kf3 Bxh2 41.Nd4 Kd7
42.Rc8 Rb6 43.Ra8 Rxa6 44.b8=Q Bxb8 45.Rxb8 Ke7 46.Rb7+ Kf6 47.Rc7 Ra3+ 48.Kf4 g5+
49.Ke4 Ra4 50.Rc6+ Kg7 51.Ke3 Ra5 52.Rc7 Kf6 53.Rc6+ Kg7 54.Rc7 a6 55.Ne6+ Kg6
56.Nxg5 Rxg5 57.Rc6+ Kf5 58.Rxa6 Kg4 59.Kf2  1/2-1/2

[Event "CRO-chT"]
[Site "Tucepi"]
[Date "1996.??.??"]
[Round "?"]
[White "Feletar, Darko"]
[Black "Jusic, Zdenko"]
[Result "0-1"]
[WhiteElo "2355"]
[BlackElo "2355"]

1.d4 Nf6 2.Bg5 Ne4 3.Bf4 c5 4.f3 Qa5+ 5.c3 Nf6 6.Nd2 cxd4 7.Nb3 Qf5 8.Qxd4 Nc6
9.Qd2 d5 10.g4 Qd7 11.Bg3 e5 12.e3 Be7 13.Bg2 a5 14.a3 Qd8 15.Ne2 Qb6 16.Nbc1 Bc5
17.Bf2 e4 18.f4 Nxg4 19.Nd4 Bxd4 20.cxd4 a4 21.Na2 O-O 22.h3 Nh6 23.Bf1 Nf5
24.O-O-O Be6 25.Kb1 Qd8 26.Qc2 Nd6 27.Nc3 Qa5 28.Be1 Qa7 29.Rg1 Rfc8 30.Qg2 Nf5
31.Bb5 Nce7 32.Nxa4 Ng6 33.Qe2 Nd6 34.Nc5 Bxh3 35.Bb4 b6 36.Nb3 Nxb5 37.Qxb5 Bd7
38.Qxd5 Be6 39.Qxe4 Bxb3 40.Rd2 Re8 41.Qf3 Qd7 42.f5 Bd5 43.Qg3 Be4+ 44.Ka1 Qxf5
45.Rf2 Qb5  0-1

[Event "UKR-ch (Women)"]
[Site "UKR"]
[Date "1996.??.??"]
[Round "5"]
[White "Zaitseva, Ludmila G"]
[Black "Strutinskaya, Galina N"]
[Result "1/2-1/2"]
[WhiteElo "2325"]
[BlackElo "2335"]

1.d4 Nf6 2.Bg5 Ne4 3.Bf4 d5 4.Nd2 Nxd2 5.Qxd2 Bf5 6.e3 c6 7.Bd3 Bxd3 8.Qxd3 e6
9.Nf3 Nd7 10.O-O Be7 11.e4 dxe4 12.Qxe4 O-O 13.c4 h6 14.Bd2 c5 15.Bc3 cxd4
16.Bxd4 Qc7 17.b3 Bf6 18.Rad1 Rfd8 19.Qe2 Bxd4 20.Rxd4 Nf6 21.Rfd1 Rxd4 22.Rxd4 Rd8
23.Qd2 Rxd4 24.Qxd4 Qa5 25.Qb2 a6 26.h3 Qd8 27.Qe5 Qd1+ 28.Kh2 Qd8 29.b4 Nd7
30.Qd4 f6 31.Kg1 Qc7 32.c5 Kf7 33.Nd2 a5 34.a3 axb4 35.axb4 b6 36.cxb6 Nxb6
37.b5 e5 38.Qb4 f5 39.h4 Ke6 40.Qb3+ Kf6 41.Qb4 Ke6 42.Qb3+ Kf6 43.Qb4  1/2-1/2

[Event "Vendrell op"]
[Site "Vendrell"]
[Date "1996.??.??"]
[Round "6"]
[White "Romero Holmes, Alfonso"]
[Black "Sutovskij, Emil"]
[Result "0-1"]
[WhiteElo "2425"]
[BlackElo "2545"]

1.d4 Nf6 2.Bg5 Ne4 3.Bh4 c5 4.f3 g5 5.fxe4 gxh4 6.e3 Bh6 7.Nd2 d5 8.Qh5 Bxe3
9.exd5 cxd4 10.Nc4 Nd7 11.Nxe3 Qa5+ 12.c3 dxe3 13.Nf3 Nf6 14.Qxh4 Rg8 15.Rd1 Rg4
16.Qh6 Qb6 17.b4 Ne4 18.Qxh7 Qf6 19.Rd4 Bf5 20.Bb5+ Kf8 21.Qh5 Kg7 22.O-O Rh8
23.Qxg4+ Bxg4 24.Rxe4 Bxf3 25.Rxf3 Qxc3 26.Rg3+ Kf8 27.Rgxe3 Qc7 28.h3 Rh5
29.Bc4 Rf5 30.g3 Qd6 31.Bb3 Qf6 32.Re2 Rf1+ 33.Kh2 Qf3 34.Rg2 Qxe4  0-1

[Event "Carl Schlechter mem"]
[Site "Vienna"]
[Date "1996.??.??"]
[Round "9"]
[White "Meszaros, Gyula"]
[Black "Groetz, Harald"]
[Result "1-0"]
[WhiteElo "2300"]
[BlackElo "2280"]

1.d4 Nf6 2.Bg5 Ne4 3.Bf4 d5 4.f3 Nd6 5.Nc3 e6 6.e4 Qh4+ 7.g3 Qe7 8.Qd2 c6
9.O-O-O Na6 10.e5 Nc4 11.Bxc4 dxc4 12.Ne4 Qb4 13.Qxb4 Nxb4 14.b3 cxb3 15.axb3 Nd5
16.c4 Nxf4 17.gxf4 b6 18.Kc2 Be7 19.Ne2 O-O 20.c5 f6 21.Ra1 fxe5 22.cxb6 a6
23.Nc5 Rb8 24.b7 Bxb7 25.Nd7 exd4 26.Nxb8 Rxb8 27.Nxd4 c5 28.Nxe6 Bxf3 29.Rhg1 g6
30.Rxa6 Bd5 31.Rg3 c4 32.bxc4 Bxc4 33.Ra7 Bh4 34.Rh3 Bf6 35.Ng5 h5 36.Rc7 Bf1
37.Re3 Ra8 38.Re6 Bxg5 39.Rxg6+ Kh8 40.fxg5 Ra2+ 41.Kb3 Rxh2 42.Rf6 Rh3+
43.Kb2  1-0

[Event "Siembra Villa Ballester op"]
[Site "Villa Ballester"]
[Date "1996.??.??"]
[Round "2"]
[White "Benko, Francisco"]
[Black "Tempone, Marcelo"]
[Result "0-1"]
[WhiteElo "2165"]
[BlackElo "2460"]

1.d4 Nf6 2.Bg5 Ne4 3.h4 d5 4.e3 c5 5.c3 Nc6 6.Nf3 Bg4 7.Be2 Nxg5 8.hxg5 e6
9.Nbd2 cxd4 10.exd4 Be7 11.Qc2 Bf5 12.Bd3 g6 13.Bxf5 gxf5 14.Rh5 Qa5 15.Nb3 Qa4
16.Qe2 Qa6 17.Qxa6 bxa6 18.O-O-O Kf8 19.Rdh1 Kg7 20.Nbd2 Bd6 21.g3 a5 22.Rh6 a4
23.a3 Rab8 24.Nh4 Ne7 25.f4 Rb6 26.Nhf3 Ng6 27.Ne5 Bxe5 28.fxe5 Rhb8 29.Rxh7+ Kg8
30.b4 axb3 31.Kb2 Rc8 32.R7h2 a5 33.Nf3 Rbc6 34.Rc1 a4 35.Ne1 Kg7 36.Nd3 Rh8
37.Rxh8 Kxh8 38.Re1 Rc4 39.g4 fxg4 40.Rg1 Kg7 41.Rxg4 Ne7 42.Rg1 Rc7 43.Nc5 Ra7
44.Nd3 Ra8 45.Nc5 Nf5 46.g6 Ne3 47.gxf7+ Kxf7 48.Nb7 Nc4+ 49.Ka1 Nxa3 50.Nd6+ Kf8
51.Rf1+ Kg7 52.Rg1+ Kh7 53.Rh1+ Kg6 54.Rg1+ Kh5 55.Rh1+ Kg4 56.Rh6 Nc2+ 57.Kb2 Rb8
58.c4 a3+ 59.Kc3 b2 60.Rh1 b1=Q  0-1

[Event "LTU-ch"]
[Site "Vilnius"]
[Date "1996.??.??"]
[Round "6"]
[White "Kasparavicius, Laimutis"]
[Black "Juodeika, Rytis"]
[Result "1-0"]
[WhiteElo "2140"]
[BlackElo "2200"]

1.d4 Nf6 2.Bg5 Ne4 3.Bf4 c5 4.d5 Qb6 5.Qc1 d6 6.f3 Nf6 7.e4 g6 8.Nd2 Bg7
9.Nc4 Qc7 10.a4 Nbd7 11.Ne2 b6 12.Nc3 a6 13.Bh6 O-O 14.h4 e6 15.h5 exd5 16.hxg6 fxg6
17.Bxg7 Kxg7 18.Qh6+ Kf7 19.Nxd5 Qc6 20.Qf4 Kg7 21.Nxf6 Nxf6 22.Qh6+ Kf7
23.O-O-O Rd8 24.Rxd6 Qc7 25.Qxh7+ Nxh7 26.Rxh7+ Ke8 27.Rxc7 b5 28.Rxg6 Kf8
29.Ne5  1-0

[Event "Wangs Pizol op"]
[Site "Wangs Pizol"]
[Date "1996.??.??"]
[Round "7"]
[White "Weindl, Alfred"]
[Black "Cvitan, Ognjen"]
[Result "0-1"]
[WhiteElo "2335"]
[BlackElo "2590"]

1.d4 Nf6 2.Bg5 Ne4 3.Bf4 c5 4.d5 Qb6 5.Nd2 Qxb2 6.Nxe4 Qb4+ 7.Qd2 Qxe4 8.e3 Qb4
9.Qxb4 cxb4 10.Nf3 d6 11.Rb1 a5 12.Nd4 g6 13.c3 Bg7 14.cxb4 axb4 15.Bb5+ Bd7
16.Rxb4 Bxb5 17.Rxb5 Na6 18.O-O Bxd4 19.exd4 Nc7 20.Rxb7 Kd7 21.Rc1 Rhc8
22.Rc2 Kd8 23.Bd2 Nxd5 24.Rxc8+ Kxc8 25.Rb2 Ra4 26.Kf1 Rxd4 27.Ke2 Ra4 28.g3 h5
29.h4 Ra3 30.Kd1 Kd7 31.Kc2 e5 32.Kb1 Ra6 33.Rb3 Nb6 34.Rb4 d5 35.Be3 Kc6
36.Bg5 d4 37.Kb2 Na4+  0-1

[Event "Wattens op"]
[Site "Wattens"]
[Date "1996.??.??"]
[Round "3"]
[White "Weiss, Christian"]
[Black "Reitberger, Peter"]
[Result "1-0"]
[WhiteElo "2335"]
[BlackElo "2080"]

1.d4 Nf6 2.Bg5 Ne4 3.Bh4 c5 4.f3 Qa5+ 5.c3 Nd6 6.dxc5 Qxc5 7.Bf2 Qa5 8.e4 Nc6
9.Nd2 b6 10.a4 g6 11.b4 Qe5 12.b5 Qxc3 13.Rc1 Qb4 14.bxc6 Bh6 15.e5 Nf5 16.Bb5 O-O
17.cxd7 Bxd7 18.Bxd7 Rfd8 19.Rc7 Ne3 20.Bxe3 Bxe3 21.Ke2 Qb2 22.Rc2 Qd4 23.Nc4 Qxd1+
24.Kxd1 Rxd7+ 25.Ke2 Bh6 26.Nh3 Rc8 27.f4 Rd4 28.Ne3 Rxc2+ 29.Nxc2 Rxa4 30.g3 Ra2
31.Kd3 Rb2 32.Nf2 f6 33.Kc3 Rb5 34.Nd3 fxe5 35.fxe5 e6 36.Nd4 Ra5 37.Nxe6 Ra3+
38.Kd4 Kf7 39.Nef4 Bg7 40.Rf1 Ra4+ 41.Kd5 Ke7 42.Rc1 Ra5+ 43.Ke4 Ra4+ 44.Ke3 Kd7
45.h4 Ra3 46.e6+ Kd6 47.Rc8 Bh6 48.Rd8+ Ke7 49.Rd7+  1-0

[Event "Wattens op"]
[Site "Wattens"]
[Date "1996.??.??"]
[Round "5"]
[White "Hechl, Gerald"]
[Black "Moritz, Christian"]
[Result "1/2-1/2"]
[WhiteElo "2230"]
[BlackElo "1955"]

1.d4 Nf6 2.Bg5 Ne4 3.Bf4 d5 4.f3 Nd6 5.Nc3 e6 6.e4 c6 7.Bd3 b6 8.Qe2 Be7
9.O-O-O O-O 10.h4 a5 11.Qf2 Ba6 12.Qg3 Kh8 13.h5 h6 14.Be5 Rg8 15.Nh3 Bxd3
16.cxd3 Nb5 17.Nxb5 cxb5 18.Qf4 Bg5 19.Nxg5 Qxg5 20.Qxg5 hxg5 21.Kd2 Rc8
22.Rc1 Nc6 23.Ke3 Nb4 24.a3 Nc6 25.Bd6 f5 26.g3 a4 27.Rc3 b4 28.axb4 Na7
29.Rhc1 Rxc3 30.Rxc3 Rc8 31.Rc7 Rxc7 32.Bxc7 b5 33.Bb6 Nc6 34.Bc5 Kh7 35.g4 f4+
36.Kd2 Kh6 37.Kc2 Kh7 38.Kb1 Kh6 39.Ka2 Kh7 40.Ka3 Kh6 41.b3 axb3 42.Kxb3  1/2-1/2

[Event "Yerevan ol (Men)"]
[Site "Yerevan"]
[Date "1996.??.??"]
[Round "2"]
[White "Miladinovic, Igor"]
[Black "Heim, Sverre"]
[Result "1-0"]
[WhiteElo "2535"]
[BlackElo "2410"]

1.d4 Nf6 2.Bg5 Ne4 3.h4 d5 4.Nd2 c6 5.Nxe4 dxe4 6.Qd2 Qd5 7.e3 Bf5 8.Ne2 h6
9.Bf4 e6 10.Nc3 Qd8 11.f3 Bb4 12.a3 Bxc3 13.Qxc3 Nd7 14.O-O-O Nf6 15.Be5 O-O
16.Bxf6 Qxf6 17.g4 Bg6 18.h5 Qxf3 19.Rh3 Qxg4 20.hxg6 Qxg6 21.Bc4 Rae8 22.Qa5 b5
23.Bb3 Re7 24.Qc3 Rc8 25.Qc5 Rcc7 26.Qe5 Qf5 27.Qg3 Kf8 28.Rg1 Qf6 29.Rh2 e5
30.Rf2 Qg5 31.Qxg5 hxg5 32.Rxg5 exd4 33.exd4 Rcd7 34.c3 a6 35.Re2 g6 36.Rg4 e3
37.Rg3 c5 38.dxc5 Rc7 39.Rg5 Kg7 40.Bc2  1-0

[Event "Yerevan ol (Men)"]
[Site "Yerevan"]
[Date "1996.??.??"]
[Round "7"]
[White "Tan Tzer En"]
[Black "Levitt, Mark"]
[Result "1/2-1/2"]
[WhiteElo "2220"]
[BlackElo "2290"]

1.d4 Nf6 2.Bg5 Ne4 3.Bf4 c5 4.c3 Qb6 5.Nd2 Nxd2 6.dxc5 Qxb2 7.Bxd2 Qa3 8.Nf3 Qxc5
9.e4 Nc6 10.Be2 e6 11.O-O Be7 12.Rb1 Qa5 13.a4 Qc7 14.Kh1 O-O 15.Bd3 f6 16.Nh4 Ne5
17.Bc2 b6 18.f4 Nc4 19.f5 Qd6 20.Bf4 Qxd1 21.Rbxd1 Bc5 22.Bb3 Na5 23.Ba2 Ba6
24.fxe6 dxe6 25.Bxe6+ Kh8 26.Ng6+ hxg6 27.Rf3 Be2 28.Rh3+ Bh5 29.g4 Rad8
30.Bd5 Nc4 31.Rf1 Ne5 32.gxh5 g5 33.Bxe5  1/2-1/2

[Event "Yerevan ol (Women)"]
[Site "Yerevan"]
[Date "1996.??.??"]
[Round "8"]
[White "Wilman, Carey"]
[Black "Ovezova, M."]
[Result "0-1"]
[WhiteElo "2070"]
[BlackElo "2145"]

1.d4 Nf6 2.Bg5 Ne4 3.Bf4 d5 4.f3 Nf6 5.e3 c5 6.Bb5+ Bd7 7.Bxd7+ Nbxd7 8.Ne2 Qb6
9.Qc1 e6 10.c3 Rc8 11.Nd2 Be7 12.g4 Qa6 13.Qb1 h6 14.h4 Bd6 15.Kf2 Ke7 16.g5 Nh5
17.Bxd6+ Qxd6 18.Qg1 cxd4 19.Nxd4 Nc5 20.Qg4 Nd3+ 21.Kg1 Ne5 22.Qg2 hxg5
23.hxg5 Nd3 24.Nf1 g6 25.Rd1 Ne5 26.f4 Nc4 27.b3 Nb6 28.Qd2 Qc5 29.Ne2 f6
30.gxf6+ Kf7 31.Qd4 Qxd4 32.Rxd4 Kxf6 33.a4 a5 34.e4 dxe4 35.Rxe4 Nd7 36.c4 Nc5
37.Re3 Rcd8 38.Rhh3 Rd1 39.Kf2 Rhd8 40.Nfg3 Nxg3 41.Nxg3 R8d2+ 42.Kf3 Rd3
43.Rxd3 Rxd3+ 44.Ke2 Rxb3 45.Ne4+ Kf5 46.Rxb3 Nxb3 47.Kf3 b6 48.Nd6+ Kf6
49.Ne4+ Ke7 50.Kg3 Nc5 51.Nc3 Nb7 52.Ne4 Nd6 53.Nd2 Kf6 54.Kg4 e5 55.Kf3 Kf5
56.fxe5 Kxe5 57.Ke3 Nf5+ 58.Kd3 Nd6 59.Ke3 Nb7 60.Nf3+ Ke6 61.Kd4 Nc5 62.Ne5 g5
63.Ng4 Nxa4 64.Ne3 Nc5 65.Nd5 Nd7 66.Ne3  0-1

[Event "Yerevan ol (Women)"]
[Site "Yerevan"]
[Date "1996.??.??"]
[Round "9"]
[White "Agababian, Naira"]
[Black "Saljova, Silvie"]
[Result "0-1"]
[WhiteElo "2210"]
[BlackElo "2240"]

1.d4 Nf6 2.Bg5 Ne4 3.Bh4 g5 4.f3 gxh4 5.fxe4 c5 6.e3 Qb6 7.Nc3 e6 8.Nf3 Qxb2
9.Nb5 Qb4+ 10.Kf2 Qa5 11.Ne5 a6 12.Qh5 Be7 13.Nc4 Qxb5 14.Nd6+ Bxd6 15.Bxb5 axb5
16.Rhf1 Nc6 17.Kg1 Rf8 18.e5 Be7 19.c3 Ra3 20.Rfc1 b6 21.Rc2 Ba6 22.Qxh7 b4
23.Qe4 bxc3 24.dxc5 Bxc5 25.Rd1 Nb4 26.Rcc1 c2 27.Rd4 Nd5 28.Kh1 Rxe3 29.Qxh4 Bxd4
30.Qxd4 Rd3 31.Qa4 Ne3 32.h4 Rd1+ 33.Kh2 Rxc1 34.Qxa6 Rh1+ 35.Kxh1 c1=Q+
36.Kh2 Qc5 37.Qa8+ Ke7 38.Qe4 Qxe5+  0-1

[Event "Yerevan ol (Men)"]
[Site "Yerevan"]
[Date "1996.??.??"]
[Round "12"]
[White "Yegiazarian, Arsen"]
[Black "Babula, Vlastimil"]
[Result "1/2-1/2"]
[WhiteElo "2455"]
[BlackElo "2545"]

1.d4 Nf6 2.Bg5 Ne4 3.Bf4 d5 4.e3 Bf5 5.Bd3 e6 6.f3 Nf6 7.Bxf5 exf5 8.Qd3 Qd7
9.Ne2 Nc6 10.Nbc3 O-O-O 11.O-O-O g6 12.Bg5 Be7 13.Nf4 Nh5 14.Bxe7 Nxf4 15.exf4 Qxe7
16.Rhe1 Qd6 17.g3 a6 18.Na4 Nb4 19.Qa3 b6 20.Nc3 Kb7 21.Re5 f6 22.Re3 Nc6
23.Qxd6 Rxd6 24.Nb1 Kc8 25.c3 Kd8 26.Rde1 Rd7 27.a4 Re7 28.Rxe7  1/2-1/2

[Event "FRA-chT9697 final"]
[Site "Clichy"]
[Date "1997.05.01"]
[Round "8"]
[White "Eliet, Nicolas"]
[Black "Cramling, Pia"]
[Result "1/2-1/2"]
[WhiteElo "2380"]
[BlackElo "2545"]

1.d4 Nf6 2.Bg5 Ne4 3.Bh4 g5 4.f3 gxh4 5.fxe4 c5 6.e3 Bh6 7.Kf2 cxd4 8.exd4 Qb6
9.Nc3 e6 10.Nf3 Nc6 11.Bb5 Bg7 12.Bxc6 bxc6 13.Na4 Qb5 14.b3 Qh5 15.Re1 O-O
16.h3 d6 17.e5 c5 18.exd6 cxd4 19.Re4 Bb7 20.Rxh4 Bxf3 21.Rxh5 Bxd1 22.Rxd1 Rfd8
23.Rd3 Rac8 24.Rc5 Rxc5 25.Nxc5 Rxd6 26.c4 Rc6 27.b4 Bf8 28.Rxd4 Bxc5 29.bxc5 Rxc5
30.Ke3 Kf8 31.Rd7 Rxc4 32.Rxa7 Rc2 33.Kf3 Kg7 34.a4 Ra2 35.a5 h5 36.g3 Ra3+
37.Kg2 Ra2+ 38.Kf3 Ra3+ 39.Kg2 Kg6 40.a6 Ra2+ 41.Kf3 Ra3+ 42.Kg2 Ra2+  1/2-1/2

[Event "FRA-chT9697 final"]
[Site "Clichy"]
[Date "1997.05.03"]
[Round "10"]
[White "Kinsman, Andrew PH"]
[Black "Bernard, Christophe"]
[Result "1/2-1/2"]
[WhiteElo "2395"]
[BlackElo "2365"]

1.d4 Nf6 2.Bg5 Ne4 3.Bf4 c5 4.d5 Qb6 5.Bc1 e6 6.f3 Qa5+ 7.c3 Nf6 8.e4 exd5
9.e5 Ng8 10.Qxd5 Ne7 11.Qe4 Qb6 12.Na3 f5 13.Qa4 Ng6 14.f4 Be7 15.Bc4 Qc6
16.Qc2 a6 17.Nf3 Qe4+ 18.Qxe4 fxe4 19.Ng1 d6 20.exd6 Bxd6 21.Ne2 Nd7 22.Bb3 Nf6
23.Nc4 Bc7 24.a4 Bg4 25.Rf1 O-O-O 26.Ng3 h5 27.h3 h4 28.Nh1 Bd7 29.Be3 Nh5
30.f5 Ne7 31.Bxc5 Nxf5 32.Nb6+ Bxb6 33.Bxb6 Rdf8 34.O-O-O Nhg3 35.Nxg3 Nxg3
36.Rxf8+ Rxf8 37.Re1 Re8 38.Bc2 Bc6 39.Be3 Nf5 40.Bg5 Re5 41.Bd1 e3 42.Bg4 g6
43.Bxh4 Bxg2 44.Bg5 Bc6 45.b3 Bd7 46.h4 Re4 47.Bf3 Re8 48.Re2 Kc7 49.Bf4+ Kc8
50.Bg5 Kc7 51.Bf4+ Kc8  1/2-1/2

[Event "FRA-chT9697 final"]
[Site "Clichy"]
[Date "1997.05.04"]
[Round "11"]
[White "Eliet, Nicolas"]
[Black "Bacrot, Etienne"]
[Result "0-1"]
[WhiteElo "2380"]
[BlackElo "2500"]

1.d4 Nf6 2.Bg5 Ne4 3.Bh4 d5 4.f3 Nd6 5.c3 Nd7 6.Nd2 c5 7.e3 g6 8.dxc5 Nxc5
9.Nb3 Nxb3 10.axb3 Bh6 11.Bf2 O-O 12.Qxd5 Be6 13.Qa5 Bxb3 14.Qxd8 Rfxd8 15.Ne2 e5
16.Nc1 Bc2 17.Nd3 e4 18.Nb4 Bb3 19.Ra3 Bc4 20.fxe4 Bxf1 21.Rxf1 Nxe4 22.Nc2 Rd2
23.Ra4 Rad8  0-1

[Event "Shavuot Masters"]
[Site "Tel Aviv"]
[Date "1997.06.10"]
[Round "1"]
[White "Rabinovich, Alexander"]
[Black "Shabtai, Ran"]
[Result "1-0"]
[WhiteElo "2350"]
[BlackElo "2330"]

1.d4 Nf6 2.Bg5 Ne4 3.Bf4 d5 4.e3 Bf5 5.f3 Nf6 6.g4 Bg6 7.h4 h6 8.Bd3 Bxd3
9.Qxd3 c6 10.Ne2 e6 11.Nbc3 Na6 12.O-O-O Qa5 13.Kb1 O-O-O 14.a3 Nd7 15.Nc1 c5
16.Qb5 Qb6 17.Qxb6 axb6 18.Nb5 Ndb8 19.e4 cxd4 20.Na7+ Kd7 21.exd5 exd5 22.Rxd4 Nc7
23.Bxc7 Kxc7 24.Rhd1 Be7 25.h5 Nc6 26.Nb5+ Kb8 27.Rxd5 Rxd5 28.Rxd5 Bf6 29.Nd3 Re8
30.Rd7 Nd8 31.Nb4 Re1+ 32.Ka2 Rf1 33.Nd5 Bh4 34.Nxb6  1-0

[Event "Sigeman & Co"]
[Site "Malmo"]
[Date "1997.06.13"]
[Round "4"]
[White "Sokolov, Ivan"]
[Black "Hellers, Ferdinand"]
[Result "0-1"]
[WhiteElo "2615"]
[BlackElo "2585"]

1.d4 Nf6 2.Bg5 Ne4 3.Bf4 d5 4.f3 Nf6 5.e4 dxe4 6.Nc3 exf3 7.Nxf3 g6 8.Bc4 Bg7
9.O-O O-O 10.Qd2 c5 11.d5 Nbd7 12.Rae1 Nb6 13.b3 Nxc4 14.bxc4 Bf5 15.h3 Ne8
16.Bh6 Nd6 17.Bxg7 Kxg7 18.Ne2 Qc7 19.Ng3 Rae8 20.Qc3+ Kg8 21.Ne5 Bc8 22.Rf4 f6
23.Ng4 b5 24.cxb5 Nxb5 25.Qd2 f5 26.Ne5 e6 27.Rff1 exd5 28.Qxd5+ Be6 29.Qd3 Nd4
30.c3 Nc6 31.Nxc6 Qxc6 32.Re5 Bxa2 33.Rfe1 Bf7 34.Re7 a5 35.R1e5 a4 36.c4 Rxe7
37.Rxe7 Re8 38.Ra7 Ra8 39.Rd7 Qf6 40.Qf3 Re8 41.Ra7 Qd4+ 42.Kh2 Qxc4 43.Qc6 f4
44.Nh1 Qd5 45.Qf6 Re2  0-1

[Event "IRL-ch"]
[Site "Dublin"]
[Date "1997.07.16"]
[Round "5"]
[White "Clarke, Thomas"]
[Black "O'Donovan, Richard"]
[Result "0-1"]
[WhiteElo "2210"]
[BlackElo "2280"]

1.d4 Nf6 2.Bg5 Ne4 3.Bh4 c5 4.Nd2 Nxd2 5.Qxd2 cxd4 6.Nf3 d5 7.Nxd4 g6 8.Nb5 Bg7
9.Qxd5 Qa5+ 10.c3 Qb6 11.O-O-O Be6 12.Qd3 Nc6 13.e3 O-O 14.Bg3 Rac8 15.a3 a6
16.Nc7 Rxc7 17.Bxc7 Qxc7 18.Be2 Bf5 19.Qc4 Qb6 20.Qa2 Na5 21.Bd3 Nb3+ 22.Kc2 Be6
23.c4 Nc5 24.b4 Nxd3 25.Kxd3 Qc6 26.f3 b5 27.Qc2 Bxc4+ 28.Kd2 Qe6 29.Rde1 Rd8+
30.Kc1 Rd3  0-1

[Event "Wch U20"]
[Site "Zagan"]
[Date "1997.07.16"]
[Round "3"]
[White "Schneider, Stefan"]
[Black "Mirumian, Vigen"]
[Result "0-1"]
[WhiteElo "2305"]
[BlackElo "2490"]

1.d4 Nf6 2.Bg5 Ne4 3.Bf4 c5 4.f3 Qa5+ 5.c3 Nf6 6.d5 e6 7.e4 exd5 8.exd5 d6
9.Nd2 Be7 10.Ne2 O-O 11.Ng3 b5 12.a4 Qc7 13.Nde4 Nxe4 14.fxe4 bxa4 15.Qxa4 Bd7
16.Bb5 g6 17.O-O Rc8 18.Rf2 a6 19.Bxd7 Nxd7 20.Nf1 Bf8 21.Nd2 Re8 22.Qc4 Qb7
23.Qa4 Qb5 24.Qc2 c4 25.Ra4 Nb6 26.Rb4 Qc5 27.Nf1 Qc7 28.Be3 Rab8 29.Nd2 Nxd5
30.exd5 Rxb4 31.cxb4 Rxe3 32.Nxc4 Re8 33.Rf1 Bg7 34.Kh1 Qe7 35.Qf2 Rb8 36.h3 h5
37.b3 Rxb4 38.Qg3 Be5 39.Qe3 Rb8 40.Qd3 Re8 41.Na5 Qh4 42.Nc6 Bf4 43.Nd4 Re3
44.Qc2 Rxh3+  0-1

[Event "Wch U20"]
[Site "Zagan"]
[Date "1997.07.17"]
[Round "4"]
[White "Balogh, Tomas"]
[Black "Shaked, Tal"]
[Result "1/2-1/2"]
[WhiteElo "2390"]
[BlackElo "2500"]

1.d4 Nf6 2.Bg5 Ne4 3.Bf4 c5 4.dxc5 Qa5+ 5.Nd2 Nxd2 6.Qxd2 Qxc5 7.e4 Nc6 8.Nf3 g6
9.Be2 Bg7 10.c3 d6 11.O-O Bg4 12.Rfd1 O-O 13.h3 Bxf3 14.Bxf3 Rab8 15.Be2 Rfc8
16.Qd5 Qxd5 17.Rxd5 Ne5  1/2-1/2

[Event "Komercni Banka op"]
[Site "Pardubice"]
[Date "1997.07.18"]
[Round "2"]
[White "Vavra, Pavel"]
[Black "Ftacnik, Lubomir"]
[Result "0-1"]
[WhiteElo "2395"]
[BlackElo "2585"]

1.d4 Nf6 2.Bg5 Ne4 3.h4 c5 4.d5 Qb6 5.Qc1 e6 6.dxe6 fxe6 7.c3 Nc6 8.Nd2 Nxg5
9.hxg5 d5 10.Qc2 Bd7 11.O-O-O g6 12.Nh3 O-O-O 13.e4 d4 14.Nf4 Bg7 15.Qb3 dxc3
16.bxc3 Qc7 17.Rh4 Na5 18.Qa3 c4 19.e5 Qxe5 20.Nxc4 Nxc4 21.Bxc4 Qxg5 22.g3 Kb8
23.Qd6+ Ka8 24.Qb4 Qf6 25.Rd6 Bc6 26.Rxc6 bxc6 27.Nxe6 Rd7 28.Rd4 Qe7  0-1

[Event "Wch U20"]
[Site "Zagan"]
[Date "1997.07.19"]
[Round "6"]
[White "Moreira, Jairo"]
[Black "Karner, Christoph"]
[Result "0-1"]
[WhiteElo "2200"]
[BlackElo "2155"]

1.d4 Nf6 2.Bg5 Ne4 3.Bf4 d5 4.f3 Nf6 5.Nc3 e6 6.e4 Be7 7.Bd3 O-O 8.exd5 exd5
9.Qd2 Na6 10.Nge2 Nb4 11.O-O-O c6 12.Ng3 Nxd3+ 13.Qxd3 Re8 14.Nf5 Bf8 15.g4 Be6
16.Bg5 h6 17.Bh4 g6 18.Ne3 Bg7 19.f4 Qc7 20.f5 Bxf5 21.gxf5 Qf4 22.Bxf6 Rxe3
23.Qd2 Bxf6 24.Rhf1 Qh4 25.fxg6 Rae8 26.Qg2 Re1 27.gxf7+ Kxf7 28.Qf3 Kg7
29.Kb1 Rxf1 30.Qxf1 Qxh2 31.Qf3 Qh4 32.Ne2 Qe4 33.Qg3+ Bg5 34.Ng1 Qe3 35.Qg4 Re4
36.Qd7+ Re7 37.Qg4 Qf4 38.Qh5 Re3 39.a3 Qh4 40.Qxh4 Bxh4 41.c3 Re1 42.Rxe1 Bxe1
43.Kc2 Kf6 44.Kd3 Kf5 45.Ke2 Bg3 46.Kf3 Bf4 47.b3 Bc1 48.a4 h5 49.Ne2 Bb2
50.c4 h4 51.cxd5 cxd5 52.Nf4 Bxd4 53.Nxd5 Be5 54.b4 Ke6 55.Ne3 h3 56.b5 Bc7  0-1

[Event "Wch U20"]
[Site "Zagan"]
[Date "1997.07.21"]
[Round "7"]
[White "Schneider, Stefan"]
[Black "Dantas, Carlos"]
[Result "1-0"]
[WhiteElo "2305"]
[BlackElo "2200"]

1.d4 Nf6 2.Bg5 Ne4 3.Bf4 d5 4.Nd2 Bf5 5.e3 e6 6.Bd3 c5 7.Bxe4 dxe4 8.c3 Nd7
9.Ne2 Bg6 10.Ng3 f5 11.O-O Bf7 12.Nc4 h5 13.f3 h4 14.Nh1 b5 15.Ne5 cxd4 16.exd4 g5
17.Nxf7 Kxf7 18.Bd2 exf3 19.Qxf3 Nb6 20.Qb7+ Kg6 21.Rae1 Qd6 22.Nf2 Rh7 23.Qf3 Be7
24.Qe2 Bf6 25.Qxe6 Qxe6 26.Rxe6 Re7 27.Rxe7 Bxe7 28.Re1 Bf6 29.Nd3 Rd8 30.Bc1 Nd5
31.Re6 f4 32.Ra6 Kf5 33.Ra5 a6 34.Rxa6 b4 35.Ra5 bxc3 36.bxc3 Ke6 37.Bb2 Rb8
38.c4 Ne3 39.Ra6+ Kf5 40.h3 Nxc4 41.Bc3 Rd8 42.Ne5 Bxe5 43.dxe5 Rd1+ 44.Kf2 Ne3
45.e6 Nd5 46.e7 Nxe7 47.Rf6+ Ke4 48.Re6+ Kd3 49.Rd6+ Kxc3 50.Rxd1 Kc4 51.a4  1-0

[Event "Wch U20 Girls"]
[Site "Zagan"]
[Date "1997.07.21"]
[Round "7"]
[White "Danielian, Elina"]
[Black "Vasilevich, Tatjana"]
[Result "1/2-1/2"]
[WhiteElo "2345"]
[BlackElo "2425"]

1.d4 Nf6 2.Bg5 Ne4 3.Bf4 c5 4.f3 Qa5+ 5.c3 Nf6 6.Nd2 cxd4 7.Nb3 Qb6 8.Qxd4 Nc6
9.Qxb6 axb6 10.Be3 b5 11.Bd2 e5 12.a3 d6 13.e3 Be6 14.Nc1 Bc4 15.Nge2 Na5
16.Rb1 Nb3 17.Nxb3 Bxb3 18.e4 Ba2 19.Rd1 Bb3 20.Rb1 Ba2 21.Rd1  1/2-1/2

[Event "Lost Boys op"]
[Site "Antwerp"]
[Date "1997.08.02"]
[Round "1"]
[White "Sadkowsky, Daniel"]
[Black "Avrukh, Boris"]
[Result "0-1"]
[WhiteElo "2280"]
[BlackElo "2550"]

1.d4 Nf6 2.Bg5 Ne4 3.Bf4 d5 4.Nd2 c5 5.Nxe4 dxe4 6.dxc5 Qa5+ 7.Qd2 Qxc5 8.e3 Nc6
9.Ne2 e5 10.Bg3 Be6 11.Nc3 Rd8 12.Qc1 f5 13.Be2 Be7 14.O-O O-O 15.Rd1 Rxd1+
16.Bxd1 Bg5 17.h4 Bh6 18.Bh2 b5 19.a3 a5 20.Be2 b4 21.axb4 axb4 22.Na4 Qe7
23.Qe1 f4 24.Bb5 Na7 25.Bf1 Bf5 26.Nb6 Nc6 27.g3 fxe3 28.fxe3 Qc5 29.Nc4 Bg4
30.b3 Nd4 31.Qc1 Qe7 32.Kh1 Qf6 33.Bg2 Bf3 34.Qd2 Ne2 35.Qd5+ Kh8 36.Nxe5 Nc3
37.Qc5 Bxg2+ 38.Kxg2 Qf2+ 39.Kh3 Bxe3 40.Qd6  0-1